| 000 | 00942nam a22003137a 4500 | ||
|---|---|---|---|
| 003 | CHAP | ||
| 005 | 20220329134347.0 | ||
| 008 | 971013s1963 r 00010 d | ||
| 010 | _a19323 | ||
| 011 | _a20295 | ||
| 035 | _a24383 | ||
| 040 | _cCHAP | ||
| 082 |
_a530.83 _bA54 1963 |
||
| 110 |
_aAmerican Institute of Physics _95252 |
||
| 245 | _aAmerican Institute of Physics handbook | ||
| 250 | _a2 ed. | ||
| 260 |
_aNew York : _bMcGraw-Hill, _c1963 |
||
| 300 | _apág. varía | ||
| 590 |
_aBATCH-UPD _b10 _c20130110 _lUCH01 _h0307 |
||
| 590 |
_aBATCH-UPD _b10 _c20130110 _lUCH01 _h2332 |
||
| 590 |
_aBATCH-UPD _b10 _c20130409 _lUCH01 _h2339 |
||
| 590 |
_aBATCH-UPD _b10 _c20130914 _lUCH01 _h1422 |
||
| 590 |
_aCONVERSION _b10 _c20130109 _lUCH01 _h1312 |
||
| 650 | 1 | 4 |
_aFísica _xManuales. _941988 |
| 700 | 0 |
_aGray, Dwight E. _950492 |
|
| 901 | _aBK | ||
| 942 | _cLIBRO | ||
| 949 |
_a530.83 A54 1963 _bBC _cC _d33724000924072 _eC _h10517 _i24383 _si |
||
| 999 |
_c19323 _d19323 |
||